000 00604nam a22002057a 4500
003 UA-OsUOA
001 47408
007 ta
008 20120613b un ||||| |||| 00| 0 ukr d
090 _a050
_bС25
942 _cNP
040 _aUA-OsUOA
_bukr
_cUA-OsUOA
_dUA-OsUOA
245 _aСвобода.
955 _a4
041 _aukr
080 _a050
310 _a2012: Р.119, Ч.10, 11, 12;
650 7 _a050 Серійні публікації. Періодика галузі, Організація та інші типи поєднання (співробітництва)
_2UDC
999 _c427518
_d427518